000 005690000a22002050004500
001 1678
003 CO-MdFUSB
005 20170605171313.0
008 170605b xxu||||| |||| 00| 0 eng d
020 _a970-777-078-3
040 _cCO-MdBIC
082 0 4 _a863A B123g
100 1 _aBachelet, Gilles
245 1 0 _aMi gatito es el mas bestia / Gilles Bachelet ; traducción Sílvia Masó
260 _aMéxico : Oceano
300 _a[22 P.]
500 _aTítulo original "Mon chat le plus bête du monde"
650 1 4 _aCuentos infantiles franceses
942 _cLGB
999 _c48836
_d48836